Advances in order restricted statistical inference : proceedings of the Symposium on Order Restricted Statistical Inference, Iowa City, September 11-13, 1985
Αποθηκεύτηκε σε:
| Συγγραφή απο Οργανισμό/Αρχή: | |
|---|---|
| Άλλοι συγγραφείς: | , , |
| Μορφή: | Πρακτικό Συνεδρίου Βιβλίο |
| Γλώσσα: | English |
| Δημοσίευση: |
Berlin ; New York :
Springer-Verlag,
c1986.
|
| Σειρά: | Lecture notes in statistics (Springer-Verlag)
; 37 |
| Θέματα: | |
| Ετικέτες: |
Προσθήκη ετικέτας
Δεν υπάρχουν, Καταχωρήστε ετικέτα πρώτοι!
|
MARC
| LEADER | 00000cam a2200000 i 4500 | ||
|---|---|---|---|
| 001 | 1/38717 | ||
| 008 | 030728s1986####gw | ||| |||| ||eng|| | ||
| 020 | |a 3540964193 | ||
| 035 | |l 10070492 | ||
| 040 | |a GR-MyUA |b gre |e AACR2 | ||
| 041 | 0 | |a eng | |
| 082 | 0 | |a 519.54 | |
| 111 | 2 | |a Symposium on Order Restricted Statistical Inference |n (2nd : |d 1985 : |e Iowa City, Iowa) | |
| 245 | 1 | 0 | |a Advances in order restricted statistical inference : |b proceedings of the Symposium on Order Restricted Statistical Inference, Iowa City, September 11-13, 1985 / |c edited by R. Dykstra, T. Robertson, and F.T. Wright. |
| 260 | |a Berlin ; |a New York : |b Springer-Verlag, |c c1986. | ||
| 300 | |a viii, 295 σ. : |b εικ. ; |c 25 εκ. | ||
| 490 | 1 | |a (Lecture notes in statistics (Springer-Verlag) |v ; 37) | |
| 504 | |a Περιέχει βιβλιογραφικές αναφορές. | ||
| 650 | 0 | 0 | |a Order statistics |x Congresses. |
| 650 | 0 | 0 | |a Regression analysis |x Congresses. |
| 700 | 1 | |a Dykstra, R. |q (Richard) |e edt | |
| 700 | 1 | |a Robertson, T. |q (Tim), |d 1937- |e edt | |
| 700 | 1 | |a Wright, F. T. |e edt | |
| 830 | 0 | |a Lecture notes in statistics (Springer-Verlag) |v ; 37 | |
| 852 | |a INST |b SAMOS |e 20030728 |h 519.54 SYM |p 005300024006 |q 005300024006 |t BK |y 0 | ||
| 901 | |a BIBL3-2003-2 | ||
| 909 | |a Σ |b 105525 | ||
| 922 | |a 3ΕΛΗ |b 200202 |c ΤΜΗΜΑ ΜΑΘΗΜΑΤΙΚΩΝ |d ΠΑΠΑΣΩΤΗΡΙΟΥ Α.Ε. | ||
| 950 | |a 116-2002-02-20 | ||
| 970 | |a ΚΟΣΙΕΡΗΣ |b ΧΡΗΣΤΟΣ |z 2003/08/27 | ||